000 00312nam a2200133Ia 4500
008 260604s9999 xx 000 0 und d
020 _a9780367902728
082 _a330 STY
100 _aSTYHRE
_935465
245 0 _aTHE FINANCIALIZED ECONOMY
260 _bROUTLEDGE
500 _aEconomy, Financial
942 _cBK
999 _c8285
_d8285